Missing Word: Janeane Garofalo Quiz Stats

Quiz Updated Mar 1, 2015

Challenge
Share
Tweet
Embed
Score 0/16 Timer 02:00
0 Plays Today
Movie Title Missing Word % Correct
Larger Than _____Life
97.3%
Now and _____Then
94.9%
The Cable _____Guy
94%
The _____ About Cats & DogsTruth
92.4%
_____ BakedHalf
91.4%
The Adventures of _____ & BullwinkleRocky
90.4%
What _____ Are You From?Planet
88.7%
Romy and Michele's High School _____Reunion
87.9%
Movie Title Missing Word % Correct
Reality _____Bites
87.2%
The Thin Pink _____Line
73.9%
Wet Hot _____ SummerAmerican
37.2%
_____ A.E.Titan
33.6%
Mystery _____Men
30.8%
_____ Cigarettes200
16.8%
Jiminy _____ in LalawoodGlick
16.5%
Permanent _____Midnight
8.4%

Today's Daily Dose

Word Ladder
TV Networks

Quick Pick
Medical Terms

On This Day
May 21st II

You're not logged in!

Compare scores with friends on all Sporcle quizzes.
Join for Free
OR
Log In

You Might Also Like...

Show Comments

Extras

Top Quizzes Today


Score Distribution

Your Account Isn't Verified!

In order to create a playlist on Sporcle, you need to verify the email address you used during registration. Go to your Sporcle Settings to finish the process.

Report this User

Report this user for behavior that violates our Community Guidelines.

Details: